| 000 | 00749nam a2200205Ii 4500 | ||
|---|---|---|---|
| 003 | JO-AjNU | ||
| 008 | 230605s9999||||xx |||||||||||||| ||und|| | ||
| 017 | _a1990/664 | ||
| 040 |
_aJO-AjNU _bara _erda _cJO-AjNU |
||
| 041 | _aara | ||
| 050 | 1 | 4 | _aBP131.6 1990 |
| 100 | 3 |
_aالألوسي، أحمد شوقي ابن الشيخ حسين؛ دراسة وتحقيق زكي فهمي أحمد شوقي الألوسي, _eauthor _918090 |
|
| 245 | 0 | 0 | _aحلية التنزيل: شرح تحفة الترتيل في أصول التجويد |
| 264 | 3 | 1 | _aبغداد: د.ن، 1990 |
| 300 | _a107ص | ||
| 336 |
_atext _btxt _2rdacontent |
||
| 337 |
_aunmediated _bn _2rdamedia |
||
| 338 |
_avolume _bnc _2rdacarrier |
||
| 650 | 4 |
_aالقران - تجويد _918091 |
|
| 999 |
_aA5720 _c9288 _d9288 |
||